Recursos naturales en Centroamérica, Hoy /

Tallennettuna:
Bibliografiset tiedot
Yhteisötekijät: CSUCA, IICA
Aineistotyyppi: Tuntematon
Julkaistu: San José :
Tagit: Lisää tagi
Ei tageja, Lisää ensimmäinen tagi!

MARC

LEADER 00000 a2200000 04500
001 15146
003
008 991231s d
040
090 |a 018214  
110 |a CSUCA  
245 |a Recursos naturales en Centroamérica, Hoy /  |c CSUCA  
260 |a San José :  
300 |a viii; 520 p.  
710 |a IICA  
999 |c 1324  |d 1324